00984ntm a22002297a 450000500170000000800410001704000280005808200170008610000290010324501620013226000100029430000280030450001840033259000140051665000410053065300230057165500090059470000250060394200080062899900170063695201010065320170809143047.0170802s2011 xx a frb 000 0 eng d aEG-ScBUEbengcEG-ScBUE04a624bMAH2221 aMahfouz, Michael Mourad.10aCustomer Satisfaction in construction :bInvestigating it's role towards improving productivity in Egyption construction companies /cMichael Mourad Mahfouz. c2011. a95 p. :bill. ;c28 cm. aA dissertation submitted to the faculty of engineering , The British University in egypt , in partial fulfillment of the requirements for the bachelor degree in civil engineering. amai allam 72BUEsha Civil Engineering.vProjects bENGCIVcAugust2017 vSPRO1 aOthman, Ayman.eths. 2ddc c25239d25211 00102ddc4070aMAINbMAINc2NDd2017-08-08l0o624 MAHp000046534r2025-07-15 00:00:00yPROJST